Statistics for Famous Historical Figures by Picture, Easy to Hard

Click here to take the quiz!

General Stats

  • This quiz has been taken 107 times
  • The average score is 6 of 20

Answer Stats

Answer% Correct
George Washington
96%
Napoleon Bonaparte
93%
Alexander the Great
76%
King Louis XIV
53%
Horatio Nelson
51%
Kaiser Wilhelm II
41%
King George III
37%
Justinian the Great
35%
Emperor Meiji
22%
Qin Shi Huang
21%
Maria Theresa
19%
Mehmed II the Conqueror
18%
Tecumseh
16%
Charles V, Holy Roman Emperor
15%
Elizabeth Báthory
12%
Oda Nobunaga
10%
John Cabot
6%
Scipio Africanus
6%
Tupac Amaru
6%
Jan Žižka
1%

Score Distribution

Percentile by Number Answered

Percent of People with Each Score

Your Score History

You have not taken this quiz